000 00331nam a22001457a 4500
008 210521b ||||| |||| 00| 0 eng d
020 _a0471237612
041 _aeng
080 _a159.9
082 _a159.9
100 _a48
101 _aPSI
245 _aThe Practical Art of Suicide Assessment
_cShea,Sh.Ch
942 _2udc
_cBK
999 _c57600
_d57600